Statistics for Countries with the Lowest Percent of Cultivated Land

Click here to take the quiz!

General Stats

  • This quiz has been taken 7,038 times
  • The average score is 12 of 20

Answer Stats

% Continent Country % Correct
0EuropeVatican City
90%
0EuropeMonaco
88%
0OceaniaNauru
75%
1.3AsiaQatar
68%
1.6AsiaSaudi Arabia
67%
1.0AsiaUnited Arab Emirates
66%
0.2AsiaOman
65%
0.4South AmericaSuriname
64%
0.9AsiaKuwait
62%
1.2AfricaLibya
62%
0.07EuropeIceland
61%
0.04AfricaDjibouti
58%
0.4AfricaMauritania
54%
0.4AsiaMongolia
52%
1.8AfricaD. R. Congo
52%
1.8AfricaSomalia
51%
1.8AfricaRep. of the Congo
48%
1.0AfricaNamibia
47%
0.9North AmericaBahamas
45%
0.6AfricaBotswana
34%

Score Distribution

Percentile by Number Answered

Percent of People with Each Score

Your Score History

You have not taken this quiz